| 000 -LEADER |
| fixed length control field |
00712cam a22002417a 4500 |
| 020 ## - INTERNATIONAL STANDARD BOOK NUMBER |
| ISBN |
9789250059174 |
| 020 ## - INTERNATIONAL STANDARD BOOK NUMBER |
| ISBN |
9250059175 |
| 040 ## - CATALOGING SOURCE |
| Transcribing agency |
U6C |
| 082 00 - DEWEY DECIMAL CLASSIFICATION NUMBER |
| Classification number |
639 FAO 2008 A049 Or. |
| 100 1# - MAIN ENTRY--AUTHOR NAME |
| Personal name |
Crespi, Valerio. |
| 245 10 - TITLE STATEMENT |
| Title |
Glossary of aquaculture / |
| 246 31 - VARYING FORM OF TITLE |
| Title proper/short title |
Glossaire d'aquaculture |
| 246 31 - VARYING FORM OF TITLE |
| Title proper/short title |
Glosario de acuicultura |
| 260 ## - PUBLICATION, DISTRIBUTION, ETC. (IMPRINT) |
| Place of publication |
Rome : |
| Name of publisher |
FAO, |
| Year of publication |
2008. |
| 300 ## - PHYSICAL DESCRIPTION |
| Number of Pages |
xxii, 401 p. ; |
| Dimensions |
30 cm. + |
| Accompanying material |
1 CD-ROM (4 3/4 in.) |
| 500 ## - GENERAL NOTE |
| General note |
También disponible en CD-ROM. |
| 500 ## - GENERAL NOTE |
| General note |
Includes indexes. |
| 650 #0 - SUBJECT ADDED ENTRY--TOPICAL TERM |
| Topical Term |
Aquaculture |
| 700 1# - ADDED ENTRY--PERSONAL NAME |
| Personal name |
Coche, A. G. |
| 710 2# - ADDED ENTRY--CORPORATE NAME |
| Corporate name or jurisdiction name as entry element |
Food and Agriculture Organization of the United Nations |
| 856 41 - ELECTRONIC LOCATION AND ACCESS |
| Uniform Resource Identifier |
http://www.fao.org/fi/glossary/aquaculture |
| 942 ## - ADDED ENTRY ELEMENTS (KOHA) |
| Koha item type |
សៀវភៅភាសាបារាំង |
| 952 ## - LOCATION AND ITEM INFORMATION (KOHA) |
| Withdrawn status [LOCAL, KOHA] |
0 |